000 00480nam a2200181Ia 4500
005 20250326142735.0
008 250326s9999 xx 000 0 und d
037 _aTextbook
040 _aFMSL
_beng
_cFMSL
041 _aeng
_2eng
084 _qFMSL
100 _aAcqiaviva S S
_9746537
245 4 _aThe decline of the sacred in industrial soc.
_cAcqiaviva S S
260 _aBasil
_bBasil, Blackwell
_c1979
300 _a302p
942 _cTB
999 _c1296439
_d1296439